Constitution and the Supreme Court (Record no. 373711)

000 -LEADER
fixed length control field 00407cam a22001337a 4500
008 - FIXED-LENGTH DATA ELEMENTS--GENERAL INFORMATION
fixed length control field 180718b1959 xxu||||| |||| 00| 0 eng d
082 ## - DEWEY DECIMAL CLASSIFICATION NUMBER
Classification number C4x73 M522
100 ## - MAIN ENTRY--PERSONAL NAME
Personal name Mendelson, Wallece
245 ## - TITLE STATEMENT
Title Constitution and the Supreme Court
Statement of responsibility, etc. by Wellace Mendelson
260 ## - PUBLICATION, DISTRIBUTION, ETC.
Place of publication, distribution, etc. New York
Name of publisher, distributor, etc. Dodd
Date of publication, distribution, etc. 1959
300 ## - PHYSICAL DESCRIPTION
Extent 520p.
650 ## - SUBJECT ADDED ENTRY--TOPICAL TERM
Topical term or geographic name entry element Constitutional law --United States --Cases
650 ## - SUBJECT ADDED ENTRY--TOPICAL TERM
Topical term or geographic name entry element United States. Supreme Court
Holdings
Withdrawn status Lost status Damaged status Not for loan Permanent Location Current Location Date acquired Full call number Barcode Date last seen Price effective from Koha item type
        Indian Institute of Public Administration Indian Institute of Public Administration 1994-06-22 C4x73 M522 18245 2018-07-21 2018-07-21 Book
        Indian Institute of Public Administration Indian Institute of Public Administration 1994-06-22 C4x73 M522 581 2018-07-21 2018-07-21 Book

Powered by Koha